Entry Nombre personal
001 - NÚMERO DE CONTROL
- campo de control: 146333
003 - IDENTIFICADOR DE NÚMERO DE CONTROL
- campo de control: SpMaBN
005 - FECHA Y HORA DE LA ÚLTIMA TRANSACCIÓN
- campo de control: 20240520190738.0
008 - ELEMENTOS DE DATO DE LONGITUD-FIJA
- campo de control de longitud fija: 900718nn ainnnaabn a aaa d
016 ## - NÚMERO DE CONTROL DE UNA AGENCIA BIBLIOGRÁFICA NACIONAL
- Número de control del registro: BNE20010319665
040 ## - FUENTE DE CATALOGACIÓN
- Centro catalogador/agencia de origen: SpMaBN
- Lengua de catalogación: spa
- Centro/agencia transcriptor: SpMaBN
- Normas de descripción: rdc
- Convención/Normas de encabezamiento de materia/tesauro: embne
046 ## - FECHAS CON CODIFICACIÓN ESPECIAL
- Fecha de nacimiento: 1860~
- Fecha de la muerte: 1899
- Fuente del esquema de fecha: edtf
100 1# - ENCABEZAMIENTO-NOMBRE DE PERSONA
- Nombre de persona: Gómez Soler, Francisco,
- Fechas asociadas al nombre: ca. 1860-1899
370 ## - LUGAR ASOCIADO
- Lugar de nacimiento: España, Cataluña,Barcelona (Provincia), Barcelona
370 ## - LUGAR ASOCIADO
- Lugar de fallecimiento: España, Cataluña,Barcelona (Provincia), Barcelona
374 ## - OCUPACIÓN
- Ocupación: Ilustradores
375 ## - GÉNERO/SEXO
- Género: Masculino
400 1# - TRAZADO DE VÉASE--NOMBRE DE PERSONA
- Nombre de persona: Gómez Soler, Francesc,
- Fechas asociadas al nombre: ca. 1860-1899
670 ## - FUENTE DE DATOS ENCONTRADOS
- Cita de la fuente: Episodios nacionales, 2015 (reprod. de la ed. de 1884)
- Información encontrada: port. (ilustrado por Gómez Soler)
670 ## - FUENTE DE DATOS ENCONTRADOS
- Cita de la fuente: WWW Web de Fernando Alcolea, 8-7-2015
- Información encontrada: (Francesc o Francisco Gómez Soler (Barcelona , c.1860 - Barcelona, 1 octubre 1899). Dibujante, grabador y pintor activo en el último cuarto del siglo XIX en Barcelona; al comienzo de su carrera se dedico a ilustrar obras literarias como los Episodio Nacionales)
- Identificador Uniforme de Recursos: http://wm1640482.web-maker.es/
670 ## - FUENTE DE DATOS ENCONTRADOS
- Cita de la fuente: Summa Artis, vol. XXXII
- Información encontrada: p. 448 (Francisco Gomez Soler; ?-1899)
